Представление документа в формате RUSMARC

Поле Инд. ПП Название Значение
Тип записи a
Библиографический уровень a
001 Контрольный номер 7ab6217a209945658d9c9d9243885f2f
005 Дата корректировки 20181120134545.3
100 a Данные общей обработки 20180820 ||| 0rusy0189 ca
101 0_ a Язык текста rus
102 a Страна публикации RU
200 1_ f Первые сведения об ответственности К.М. Конджакулян
a Заглавие Понятие и сущность исполнительной ветви власти и ее место в системе разделения властей
210 d Дата издания 2018
461 _0 1 2000
a Российская юстиция
463 _0 1 2000
a №3
v С. 2-4
1 2101
d 2018
1 001792c05dca80c43739db79ea796e52541
606 a Основная рубрика Административное право
610 0_ a Ключевые слова ИСПОЛНИТЕЛЬНАЯ ВЛАСТЬ
700 _1 a Фамилия Конджакулян
b Имя К.М.
801 _0 a Страна RU
b Организация РГУП
c Дата составления 20180820
g Правила каталогизации PSBO
801 _1 a Страна RU
b Организация РГУП
c Дата составления 20180820
g Правила каталогизации PSBO
901 t Тип документа b
w Контрольный № источника 792c05dca80c43739db79ea796e52541
905 a Дата ввода 20180820